000 00273nam a22001217a 4500
008 180220b xxu||||| |||| 00| 0 eng d
041 _aeng
080 _a611
100 _a6
101 _ashm
245 _amanual roentgenological technique
_csante.l.r
942 _2udc
_cBK
999 _c42894
_d42894